| 000 | 00000nam##2200000za#4500 |
| 001 | 9.695613 |
| 003 | CaOODSP |
| 005 | 20240215150447 |
| 007 | cr ||||||||||| |
| 008 | 150407|2001||||xxc|||||o f|0| 0 eng|d |
| 040 | |aCaOODSP|beng |
| 043 | |an-cn--- |
| 086 | 1 |aJS82-86/2001E-PDF |
| 110 | 2 |aCorrectional Service Canada. |
| 245 | 10|aMyths and realities : |h[electronic resource]|bhow federal corrections contributes to public safety |
| 250 | |a2nd ed. |
| 260 | |aOttawa - Ontario : |bCorrectional Service Canada |c[2001], c2000. |
| 300 | |a39p. |
| 500 | |aThe catalogue number (JS82-86/2001) and ISBN (0-662-65890-6) for the bilingual print edition have been incorrectly copied in this electronic publication. |
| 590 | |a12-17-Supp|b2012-04-20 |
| 690 | 07|aCrime|2gcpds |
| 690 | 07|aCorrectional institutions|2gcpds |
| 775 | 08|tMyths et réalités : |w(CaOODSP)9.639744 |
| 776 | 0#|tMyths and realities: how federal corrections contributes to the public safety |w(CaOODSP)9.662949 |
| 776 | 0#|tMythes et réalités: comment le système correctionnel fédéral contribue à la protection de la société |w(CaOODSP)9.662950 |
| 856 | 40|ahttp://publications.gc.ca|qPDF|s586 KB|uhttps://publications.gc.ca/collections/Collection/JS82-86-2001E.pdf |